000 01162nam a2200301 a 4500
001 20298
003 BD-RjUL
005 20211209000539.0
008 140227s1937 enkh 001 1 eng d
035 _a(BD-RjUL)20360
_aOCLC ocm17523753 from D950814M
040 _aEIS
_cEIS
_dEQO
_dBD-RjUL
_beng
041 _aeng
082 0 0 _a820.8001
_bCOM 1937
100 1 _aGnaphaeus, Gulielmus,
_d1493-1568.
_962562
245 1 4 _aThe Comedy of Acolastus /
_ctranslated from the Latin of Fullonius by John Palsgrave ; edited, with an introduction and notes by P. L. Carver.
246 1 4 _aPalsgrave's Acolastus
260 _aLondon :
_bPublished for the Early English Text Society by Humphrey Milford, Oxford University Press,
_c1937.
300 _aciv, 312 p. :
_b1 facsim. ;
_c23 cm.
490 1 _aOriginal series / Early English Text Society ;
_vno. 202
504 _aIncludes glossary and index.
650 0 _aLatin drama, Medieval and modern.
_962563
830 0 _v202
_962572
700 1 _aPalsgrave, John,
_d-1554.
_962565
700 1 _aCarver, P. L.
_962566
830 0 _aEarly English Text Society (Series).
_962573
942 _2ddc
_cBK
999 _c20298
_d20298